Systems analysis and project management

Bibliographic Details
Main Authors: Cleland, David I. (Author), King, William Richard (Author)
Format: Book
Language:English
Published: New York : Mc Graw-Hill , 1968
Edition:Third Edition
Subjects:

MARC

LEADER 00000cam a2200000 7i4500
001 0000003007
005 20240926.0
008 991201 nyua eng
020 |a 0070113114 
040 |a INS   |b eng   |e rda 
090 0 0 |a HD20.5   |b .C55 1968 
100 1 |a Cleland, David I. ,   |e author 
245 1 0 |a Systems analysis and project management   |c by David I. Cleland, William R. King 
250 |a Third Edition 
260 |a New York :   |b Mc Graw-Hill ,   |c 1968 
300 |a xix, 490 pages :   |b illustrations ;   |c 24 cm. 
336 |a text  |2 rdacontent 
337 |a unmediated  |2 rdamedia 
338 |a volume  |2 rdacarrier 
500 |a Includes index 
650 0 |a Industrial project management 
650 0 |a System analysis 
700 1 |a King, William Richard ,   |e author 
999 |a 0000000891   |b BOOK   |c Open Shelf   |e Default branch